Restoration /
The final volume in the Excalibur mini-series.
| Main Author: | |
|---|---|
| Format: | Book |
| Language: | English |
| Published: |
New York :
Pocket Books,
2000.
|
| Series: | Star trek, new frontier ;
[bk. 11]. Star trek, new frontier. Excalibur. |
| Subjects: |
MARC
| Tag | First Indicator | Second Indicator | Subfields |
|---|---|---|---|
| LEADER | 00000cam a2200000Ia 4500 | ||
| 001 | in00001574492 | ||
| 005 | 20151022093233.0 | ||
| 008 | 001108s2000 nyu 000 1 eng d | ||
| 020 | |a 0671042432 : |c $19.95 | ||
| 035 | |a (OCoLC)ocm45300613 | ||
| 035 | |a 3957-37460 | ||
| 040 | |a OCO |c OCO |d TXA |d UtOrBLW | ||
| 049 | |a TXAM | ||
| 090 | |a PS3554.A92144 |b R47 2000 | ||
| 100 | 1 | |a David, Peter |q (Peter Allen) | |
| 245 | 1 | 0 | |a Restoration / |c Peter David. |
| 246 | 1 | 8 | |a Excalibur : |b restoration |
| 264 | 1 | |a New York : |b Pocket Books, |c 2000. | |
| 300 | |a 409 pages ; |c 22 cm. | ||
| 336 | |a text |b txt |2 rdacontent | ||
| 337 | |a unmediated |b n |2 rdamedia | ||
| 338 | |a volume |b nc |2 rdacarrier | ||
| 490 | 1 | |a Star trek, new frontier, Excalibur | |
| 520 | |a The final volume in the Excalibur mini-series. | ||
| 650 | 0 | |a Star Trek fiction. |2 lcsh | |
| 655 | 7 | |a Science fiction. |2 gsafd | |
| 830 | 0 | |a Star trek, new frontier ; |v [bk. 11]. | |
| 830 | 0 | |a Star trek, new frontier. |p Excalibur. | |
| 994 | |a E0 |b TXA | ||
| 948 | |a cataloged |b h |c 2001/1/24 |d c |e ceaton |f 9:53:56 am | ||
| 999 | |a MARS | ||
| 999 | f | f | |s e4d46ea2-a240-3a58-9756-59ddbc6caf04 |i dcb340fb-3bd8-3308-b7a5-4e38b6900ae7 |t 0 |
| 952 | f | f | |p ric |a Texas A&M University |b Rellis Campus |c Joint Library Facility |d Remote Storage |t 0 |e PS3554.A92144 R47 2000 |h Library of Congress classification |i unmediated -- volume |m A14827081642 |
| 998 | f | f | |a PS3554.A92144 R47 2000 |t 0 |l Remote Storage |